000
00291nam a2200109Ia 4500
008
200302s9999 xx 000 0 und d
100
_a
David Chappell
245
_a
Standard Letters In Architectural Practice -- 3Rd Edition
260
_b
Blackwell Publishing
260
_c
2003
300
_a
320 P
999
_c
4862
_d
4862